000 00534nam a2200145Ia 4500
008 100204s9999 xx 000 0 und d
082 _b3612
100 _aशिंदे शा. रा.
245 _aभ्रमरासी चारा सुगंधाचा
260 _b"साधना प्रेस, पुणे"
_c1966
300 _a117
630 _aभ्रमरासी चारा सुगंधाचा
730 _aभ्रमरासी चारा सुगंधाचा
942 _cBOOK
999 _c448528
_d448525